| 000 | 01021nam a2200265Ia 4500 | ||
|---|---|---|---|
| 003 | OSt | ||
| 005 | 20220923212626.0 | ||
| 006 | a|||||r|||| 00| 0 | ||
| 007 | ta | ||
| 008 | 220922b |||||||| |||| 00| 0 hin d | ||
| 024 | _a154,637 | ||
| 037 | _cTextual | ||
| 040 |
_aARTS _cARTS _bhin |
||
| 041 |
_2hin _ahin |
||
| 082 | _aO1520v5,1(/\25):g, K2 | ||
| 100 |
_aमाचवे, प्रभाकर _9156279 |
||
| 245 | 0 | _aहिन्दी और मराठी की निगुर्ण सन्त काव्य | |
| 246 | _aHindī aur marāṭhī kī nigurṇa santa kāvya | ||
| 260 |
_aवाराणसी _b नेशनल प्रकाशन _c1962 |
||
| 300 |
_a439 पृ. _ccm. |
||
| 490 | _aविद्यानवन राष्ट्रभाषा ग्रंथमाला; 49 | ||
| 650 |
_aहिन्दी साहित्य _9156264 |
||
| 942 |
_hO1520v5,1(/\25):g, K2 _cTEXL _2CC |
||
| 999 |
_c310259 _d310259 |
||